000 00284nam a22001097a 4500
008 160512b xxu||||| |||| 00| 0 eng d
020 _a9781578811984
041 _aeng
080 _a612.39
245 _aPresent knowledge in Nutrition:
_cBarbara Bowman; Robert Russell;
942 _2udc
_cBK
999 _c2137
_d2137